Особенности использования видеоподкастов в процессе обучения иностранному языку; Альманах современной науки и образования; № 6

Bibliografiske detaljer
Parent link:Альманах современной науки и образования.— , 2004-
№ 6.— 2011.— [С. 173-176]
Hovedforfatter: Халтурина О. В. Ольга Владимировна
Summary:Заглавие с экрана
Режим доступа: по договору с организацией-держателем ресурса
Sprog:russisk
Udgivet: 2011
Fag:
Online adgang:http://elibrary.ru/item.asp?id=17341646
Format: MixedMaterials Electronisk Book Chapter
KOHA link:https://koha.lib.tpu.ru/cgi-bin/koha/opac-detail.pl?biblionumber=642279

MARC

LEADER 00000nla0a2200000 4500
001 642279
005 20250128141257.0
035 |a (RuTPU)RU\TPU\network\7218 
090 |a 642279 
100 |a 20150618d2011 k||y0rusy50 ca 
101 0 |a rus 
102 |a RU 
135 |a drnn ---uucaa 
181 0 |a i  
182 0 |a b 
200 1 |a Особенности использования видеоподкастов в процессе обучения иностранному языку  |f О. В. Халтурина 
203 |a Текст  |c электронный 
300 |a Заглавие с экрана 
320 |a [Библиогр.: с. 176 (6 назв.)] 
333 |a Режим доступа: по договору с организацией-держателем ресурса 
461 |t Альманах современной науки и образования  |d 2004- 
463 |t № 6  |v [С. 173-176]  |d 2011 
610 1 |a электронный ресурс 
610 1 |a труды учёных ТПУ 
610 1 |a обучение 
610 1 |a иностранный язык 
700 1 |a Халтурина  |b О. В.  |c лингвист  |c стариший преподаватель Томского политехнического университета  |f 1983-  |g Ольга Владимировна  |3 (RuTPU)RU\TPU\pers\29354 
801 2 |a RU  |b 63413507  |c 20150618  |g RCR 
856 4 |u http://elibrary.ru/item.asp?id=17341646 
942 |c CF